000 00273nam a22001217a 4500
008 190223b xxu||||| |||| 00| 0 eng d
041 _aeng
080 _a941
100 _a16
101 _aHIS
245 _aThe World of Humanism 1453-1517
_cGilmore, M.P
942 _2udc
_cBK
999 _c54159
_d54159